00218nam a2200085Ia 4500001000800000005001700008008004100025245004800066260001800114125078820251031150903.0251031s9999 xx 000 0 und d 0cKOMİSYONaH-3 BİR ARADA YAŞAMA AHLAKI bTDV YAYINLARI